<?xml version="1.0" encoding="UTF-8"?>
<record
    xmlns:xsi="http://www.w3.org/2001/XMLSchema-instance"
    xsi:schemaLocation="http://www.loc.gov/MARC21/slim http://www.loc.gov/standards/marcxml/schema/MARC21slim.xsd"
    xmlns="http://www.loc.gov/MARC21/slim">

  <leader>01925nam a22003377a 4500</leader>
  <controlfield tag="003">NALT</controlfield>
  <controlfield tag="005">20250211144051.0</controlfield>
  <controlfield tag="008">231003b        th ||||| |||| 00| 0 tha d</controlfield>
  <datafield tag="020" ind1=" " ind2=" ">
    <subfield code="a">9786161814229</subfield>
  </datafield>
  <datafield tag="040" ind1=" " ind2=" ">
    <subfield code="a">NALT</subfield>
  </datafield>
  <datafield tag="041" ind1=" " ind2=" ">
    <subfield code="a">tha</subfield>
    <subfield code="h">kor</subfield>
  </datafield>
  <datafield tag="050" ind1=" " ind2=" ">
    <subfield code="a">SF 447</subfield>
    <subfield code="b">&#xE04;451&#xE2A; 2559</subfield>
  </datafield>
  <datafield tag="100" ind1="1" ind2=" ">
    <subfield code="9">61758</subfield>
    <subfield code="a">&#xE04;&#xE34;&#xE21;, &#xE1E;&#xE22;&#xE2D;&#xE07;&#xE21;&#xE01;</subfield>
  </datafield>
  <datafield tag="245" ind1="1" ind2="0">
    <subfield code="a">Study on cats &#xE40;&#xE23;&#xE35;&#xE22;&#xE19;&#xE23;&#xE39;&#xE49;&#xE04;&#xE38;&#xE13;&#xE40;&#xE2B;&#xE21;&#xE35;&#xE22;&#xE27; /</subfield>
    <subfield code="c">&#xE04;&#xE34;&#xE21;&#xE1E;&#xE22;&#xE2D;&#xE07;&#xE21;&#xE01;, &#xE40;&#xE02;&#xE35;&#xE22;&#xE19;&#xE41;&#xE25;&#xE30;&#xE16;&#xE48;&#xE32;&#xE22;&#xE20;&#xE32;&#xE1E; ; &#xE04;&#xE34;&#xE21;&#xE08;&#xE35;&#xE27;&#xE2D;&#xE19;, &#xE40;&#xE02;&#xE35;&#xE22;&#xE19;&#xE41;&#xE25;&#xE30;&#xE27;&#xE32;&#xE14;&#xE20;&#xE32;&#xE1E;&#xE1B;&#xE23;&#xE30;&#xE01;&#xE2D;&#xE1A; ; &#xE15;&#xE23;&#xE2D;&#xE07;&#xE2A;&#xE34;&#xE23;&#xE34; &#xE17;&#xE2D;&#xE07;&#xE04;&#xE33;&#xE43;&#xE2A;, &#xE41;&#xE1B;&#xE25;</subfield>
  </datafield>
  <datafield tag="246" ind1="1" ind2="4">
    <subfield code="a">&#xE40;&#xE23;&#xE35;&#xE22;&#xE19;&#xE23;&#xE39;&#xE49;&#xE04;&#xE38;&#xE13;&#xE40;&#xE2B;&#xE21;&#xE35;&#xE22;&#xE27;.</subfield>
  </datafield>
  <datafield tag="250" ind1=" " ind2=" ">
    <subfield code="a">&#xE1E;&#xE34;&#xE21;&#xE1E;&#xE4C;&#xE04;&#xE23;&#xE31;&#xE49;&#xE07;&#xE41;&#xE23;&#xE01;.</subfield>
  </datafield>
  <datafield tag="260" ind1=" " ind2=" ">
    <subfield code="a">&#xE01;&#xE23;&#xE38;&#xE07;&#xE40;&#xE17;&#xE1E;&#xE2F; :</subfield>
    <subfield code="b">&#xE2A;&#xE1B;&#xE23;&#xE34;&#xE07;&#xE1A;&#xE38;&#xE4A;&#xE01;&#xE2A;&#xE4C;,</subfield>
    <subfield code="c">2559.</subfield>
  </datafield>
  <datafield tag="300" ind1=" " ind2=" ">
    <subfield code="a">391 &#xE2B;&#xE19;&#xE49;&#xE32; :</subfield>
    <subfield code="b">&#xE20;&#xE32;&#xE1E;&#xE1B;&#xE23;&#xE30;&#xE01;&#xE2D;&#xE1A; ;</subfield>
    <subfield code="c">21 &#xE0B;&#xE21;.</subfield>
  </datafield>
  <datafield tag="505" ind1="2" ind2=" ">
    <subfield code="a">&#xE1A;&#xE17;&#xE40;&#xE23;&#xE35;&#xE22;&#xE19;&#xE17;&#xE35;&#xE48; 1 &#xE1E;&#xE32;&#xE40;&#xE02;&#xE49;&#xE32;&#xE1A;&#xE49;&#xE32;&#xE19; -- &#xE1A;&#xE17;&#xE40;&#xE23;&#xE35;&#xE22;&#xE19;&#xE17;&#xE35;&#xE48; 2 &#xE2B;&#xE07;&#xE48;&#xE33; &#xE46; -- &#xE1A;&#xE17;&#xE40;&#xE23;&#xE35;&#xE22;&#xE19;&#xE17;&#xE35;&#xE48; 3 &#xE0A;&#xE35;&#xE27;&#xE34;&#xE15;&#xE40;&#xE2B;&#xE21;&#xE35;&#xE22;&#xE27; &#xE46; -- &#xE1A;&#xE17;&#xE40;&#xE23;&#xE35;&#xE22;&#xE19;&#xE17;&#xE35;&#xE48; 4 &#xE40;&#xE02;&#xE49;&#xE32;&#xE43;&#xE08;&#xE1E;&#xE24;&#xE15;&#xE34;&#xE01;&#xE23;&#xE23;&#xE21; -- &#xE1A;&#xE17;&#xE40;&#xE23;&#xE35;&#xE22;&#xE19;&#xE17;&#xE35;&#xE48; 5 &#xE02;&#xE22;&#xE32;&#xE22;&#xE04;&#xE23;&#xE2D;&#xE1A;&#xE04;&#xE23;&#xE31;&#xE27; -- &#xE1A;&#xE17;&#xE40;&#xE23;&#xE35;&#xE22;&#xE19;&#xE17;&#xE35;&#xE48; 6 &#xE14;&#xE39;&#xE41;&#xE25;&#xE2A;&#xE38;&#xE02;&#xE20;&#xE32;&#xE1E;.</subfield>
  </datafield>
  <datafield tag="650" ind1=" " ind2="4">
    <subfield code="9">37227</subfield>
    <subfield code="a">&#xE41;&#xE21;&#xE27;</subfield>
    <subfield code="x">&#xE01;&#xE32;&#xE23;&#xE40;&#xE25;&#xE35;&#xE49;&#xE22;&#xE07;</subfield>
  </datafield>
  <datafield tag="650" ind1=" " ind2="4">
    <subfield code="9">25296</subfield>
    <subfield code="a">&#xE41;&#xE21;&#xE27;</subfield>
  </datafield>
  <datafield tag="650" ind1=" " ind2="4">
    <subfield code="9">37227</subfield>
    <subfield code="a">&#xE41;&#xE21;&#xE27;</subfield>
    <subfield code="x">&#xE01;&#xE32;&#xE23;&#xE40;&#xE25;&#xE35;&#xE49;&#xE22;&#xE07;</subfield>
  </datafield>
  <datafield tag="650" ind1=" " ind2="4">
    <subfield code="9">33449</subfield>
    <subfield code="a">&#xE01;&#xE32;&#xE23;&#xE40;&#xE25;&#xE35;&#xE49;&#xE22;&#xE07;&#xE2A;&#xE31;&#xE15;&#xE27;&#xE4C;</subfield>
  </datafield>
  <datafield tag="700" ind1="1" ind2=" ">
    <subfield code="9">61759</subfield>
    <subfield code="a">&#xE04;&#xE34;&#xE21;, &#xE08;&#xE35;&#xE27;&#xE2D;&#xE19;</subfield>
  </datafield>
  <datafield tag="700" ind1="0" ind2=" ">
    <subfield code="9">12375</subfield>
    <subfield code="a">&#xE15;&#xE23;&#xE2D;&#xE07;&#xE2A;&#xE34;&#xE23;&#xE34; &#xE17;&#xE2D;&#xE07;&#xE04;&#xE33;&#xE43;&#xE2A;</subfield>
  </datafield>
  <datafield tag="850" ind1=" " ind2=" ">
    <subfield code="a">NALT</subfield>
  </datafield>
  <datafield tag="942" ind1=" " ind2=" ">
    <subfield code="2">lcc</subfield>
    <subfield code="c">GB</subfield>
  </datafield>
  <datafield tag="996" ind1=" " ind2=" ">
    <subfield code="a">kornsiririn.r</subfield>
    <subfield code="b">CATSTF	</subfield>
    <subfield code="c">2023-10-03</subfield>
  </datafield>
  <datafield tag="996" ind1=" " ind2=" ">
    <subfield code="a">phornvitoo</subfield>
    <subfield code="b">CATSTF	</subfield>
    <subfield code="c">2023-11-07</subfield>
  </datafield>
  <datafield tag="999" ind1=" " ind2=" ">
    <subfield code="c">103619</subfield>
    <subfield code="d">103619</subfield>
  </datafield>
  <datafield tag="998" ind1=" " ind2=" ">
    <subfield code="j">111</subfield>
    <subfield code="k"> &#xE19;&#xE32;&#xE07;&#xE2A;&#xE32;&#xE27;&#xE1E;&#xE08;&#xE1E;&#xE34;&#xE13;  &#xE1E;&#xE23;&#xE21;&#xE40;&#xE2D;&#xE35;&#xE48;&#xE22;&#xE21;</subfield>
  </datafield>
  <datafield tag="952" ind1=" " ind2=" ">
    <subfield code="0">0</subfield>
    <subfield code="1">0</subfield>
    <subfield code="2">lcc</subfield>
    <subfield code="4">0</subfield>
    <subfield code="7">0</subfield>
    <subfield code="8">CSEN</subfield>
    <subfield code="a">NALT</subfield>
    <subfield code="b">NALT</subfield>
    <subfield code="c">GEN</subfield>
    <subfield code="d">2023-10-03</subfield>
    <subfield code="l">2</subfield>
    <subfield code="m">2</subfield>
    <subfield code="o">SF 447 &#xE04;451&#xE2A; 2559</subfield>
    <subfield code="p">0100010004001</subfield>
    <subfield code="r">2025-02-25 00:00:00</subfield>
    <subfield code="s">2025-02-11</subfield>
    <subfield code="w">2023-10-03</subfield>
    <subfield code="y">GB</subfield>
  </datafield>
</record>
